Born in Thessaloniki - Statistics

General Stats
  • This quiz has been taken 12 times
    8 since last reset
  • The average score is 2 of 7
Answer Stats
Hint Answer % Correct
Founding father of Turkey and first President from 1923 to 1938 1881 Mustafa Kemal Atatürk
100%
Vice President of the European Parliament from January 2022 until December 2022, she was arrested following an investigation into corruption and money laundering 1978 Eva Kaili
29%
Founder of a yogurt factory which later became Danone 1874 Isaac Carasso
29%
Greek International footballer, Liverpool 1996 Kostas Tsimikas
29%
Long jump athlete and two-time Olympic gold medalist 1998 Miltiadis Tentoglou
29%
President of Greece from 1985 to 1990 1929 Christos Sartzetakis
14%
President of Greece since 2020 and first female President of Greece 1956 Katerina Sakellarpoulou
14%
No matching quizzes found
Score Distribution
Percent of People with Each Score
Percentile by Number Answered
Your Score History
You have not taken this quiz since the last reset